Statistics for Letter connect #2

Click here to take the quiz!

General Stats

  • This quiz has been taken 5 times
  • The average score is 4 of 5

Answer Stats

QuestionAnswer% Correct
Choose a lettert
100%
Choose a letteru
80%
Choose a lettery
80%
Choose a letterd
60%
Choose a letters
60%

Score Distribution

Percentile by Number Answered

Percent of People with Each Score

Your Score History

You have not taken this quiz